Cocina cubana : dulces caseros y helados de fruta /

Guardado en:
Detalles Bibliográficos
Autor principal: Pupo, Nerys (edición y selección)
Formato: Libro
Idioma:Español
Publicado: La Habana, Cuba : Editorial de la mujer, 2005, c2005
Etiquetas: Agrega una etiqueta
Sin etiquetas, Sé el primero en etiquetar este registro!

MARC

LEADER 00000nam^a2200000^a^4500
001 000593599
005 20250521000000.0
009 20260310133010.186
020 |a 959-7074-09-5 
037 |a Acervo ITESO - Biblioteca 
041 |a ESP 
091 |a FCR. 01475 
100 |a Pupo, Nerys  |e (edición y selección) 
245 1 0 |a Cocina cubana :  |b dulces caseros y helados de fruta / 
264 4 |a La Habana, Cuba :  |b Editorial de la mujer,  |c 2005, c2005 
300 |a 32 p. 
336 |a texto  |b txt  |2 rdacontenido 
337 |a sin mediación  |b n  |2 rdamedio 
338 |a volumen  |b nc  |2 rdasoporte 
649 |a XX 
910 |a Fondo Cristina Romo Gil 
920 |a Impresos - Libros 
930 |a Fondos Especiales 
905 |a 143 
901 |a 594088-10  |b IT2  |c ESP  |i D121866  |u 20250521 
902 |a https://opac.biblio.iteso.mx/vufind/Record/000593599